النظام الدستورى فى الكويت : (رقم التسجيلة. 121766)

تفاصيل مارك
000 -LEADER
fixed length control field 00971cam a22002534a 4500
003 - CONTROL NUMBER IDENTIFIER
control field EG-GiCUC
008 - FIXED-LENGTH DATA ELEMENTS--GENERAL INFORMATION
fixed length control field 110104s2001 ku g 000 0 ara d
040 ## - CATALOGING SOURCE
Original cataloging agency EG-GiCUC
Language of cataloging eng
Transcribing agency EG-GiCUC
043 ## - GEOGRAPHIC AREA CODE
Geographic area code a-ku---
092 04 - LOCALLY ASSIGNED DEWEY CALL NUMBER (OCLC)
Classification number 342.538
Item number T112 2001
Edition number 21
099 ## - LOCAL FREE-TEXT CALL NUMBER (OCLC)
Classification number 04
-- 342.538 T112 2001
100 1# - MAIN ENTRY--PERSONAL NAME
Personal name الطبطبائى : عادل
245 12 - TITLE STATEMENT
Title النظام الدستورى فى الكويت :
Remainder of title دراسة مقارنة /
Statement of responsibility, etc. {u200F}عادل الطبطبائى
250 ## - EDITION STATEMENT
Edition statement ط4 : منقحة
260 ## - PUBLICATION, DISTRIBUTION, ETC.
Place of publication, distribution, etc. الكويت :
Name of publisher, distributor, etc. {u200F}ع. الطبطبائى ؛
Date of publication, distribution, etc. 2001
300 ## - PHYSICAL DESCRIPTION
Extent 1196 ص ؛
Dimensions 25 cm.
504 ## - BIBLIOGRAPHY, ETC. NOTE
Bibliography, etc. note يشتمل على ارجاعات ببليوجرافية.
650 #4 - SUBJECT ADDED ENTRY--TOPICAL TERM
Topical term or geographic name entry element القانون الدستورى
Geographic subdivision الكويت
902 ## - LOCAL DATA ELEMENT B, LDB (RLIN)
No. of Items 1
905 ## - LOCAL DATA ELEMENT E, LDE (RLIN)
Cataloger ايمان
Reviser مراجع
905 ## - LOCAL DATA ELEMENT E, LDE (RLIN)
Cataloger جمال
Reviser مدخل
942 ## - ADDED ENTRY ELEMENTS (KOHA)
Source of classification or shelving scheme Dewey Decimal Classification
Koha item type Books
المقتنيات
Source of classification or shelving scheme Not for loan Home library Current library Date acquired Full call number Barcode Date last seen Copy number Koha item type
Dewey Decimal Classification   المكتبة المركزبة الجديدة - جامعة القاهرة قاعة الكتب - الدور الثاني 11.02.2024 342.538 T112 2001 01000100122796000 23.09.2023 C.1 Books
Cairo University Libraries Portal Implemented & Customized by: Eng. M. Mohamady Contacts: new-lib@cl.cu.edu.eg | cnul@cl.cu.edu.eg
CUCL logo CNUL logo
© All rights reserved — Cairo University Libraries
CUCL logo
Implemented & Customized by: Eng. M. Mohamady Contact: new-lib@cl.cu.edu.eg © All rights reserved — New Central Library
CNUL logo
Implemented & Customized by: Eng. M. Mohamady Contact: cnul@cl.cu.edu.eg © All rights reserved — Cairo National University Library